| 000 | 00390pab a2200157 454500 | ||
|---|---|---|---|
| 008 | 180718b1988 xxu||||| |||| 00| 0 eng d | ||
| 100 | _aBihar Institute of Rural Devel | ||
| 245 | _aProject repot on district planning | ||
| 260 | _c1988 | ||
| 300 | _a27-44 | ||
| 362 | _aAug. | ||
| 650 | _aDistrict Planning | ||
| 700 | _aopment | ||
| 773 | _aAdministration and Mangement | ||
| 909 | _a7363 | ||
| 999 |
_c7363 _d7363 |
||